Teams that won the UCL - Statistics

General Stats
  • This quiz has been taken 46 times
  • The average score is 10 of 15
Answers on the Grid
Answers color-coded by a green-red scale on the quiz's grid according to % correct below.
Real Madrid
Hannover 96
AC Milan
FC Barcelona
Malmo FF
Union Berlin
Spurs
Liverpool
Al Nassr
Hamburger SV
PAOK
Atletico Madrid
Benfica
Sporting
Chelsea
Manchester United
Borussia Dortmund
Olympique Marseille
Hajduk Split
Gornik Zabrze
Newcastle United
Celtic
Sampdoria
Aston Villa
Ajax
PSV
Munchen 1860
Everton
FC Porto
Inter Miami
 
Answer Stats
Answer % Correct
Liverpool
100%
AC Milan
97%
FC Barcelona
97%
Real Madrid
97%
Chelsea
68%
Manchester United
61%
Benfica
58%
Ajax
55%
Borussia Dortmund
52%
FC Porto
52%
Olympique Marseille
52%
Hamburger SV
48%
Celtic
45%
Aston Villa
42%
PSV
42%
No matching quizzes found
Score Distribution
Percent of People with Each Score
Percentile by Number Answered
Your Score History
You have not taken this quiz